| 000 | 00759cam a2200241Ia 4500 | ||
|---|---|---|---|
| 003 | data | ||
| 005 | 20260322212044.0 | ||
| 008 | data | ||
| 020 |
_a0425101533 _c(pbk.) |
||
| 020 |
_a9780425101537 _c(pbk.) |
||
| 040 |
_aHDL _cHDL _dOUN _dXBM _dOUN |
||
| 099 | _aHUNTI | ||
| 100 | 1 | _aHunt, Irene | |
| 245 | 1 | 4 |
_aThe Lottery rose / _cIrene Hunt. |
| 250 | _aBerkley/Pacer ed | ||
| 260 |
_aNew York : _bBerkley Books, _c1986, c1976 |
||
| 300 |
_a185 p. ; _c18 cm |
||
| 490 | 0 | _aPacer book for young adults | |
| 500 | _aReprint. Originally published: New York : Scribner's, 1976 | ||
| 520 | _aA young victim of child abuse gradually overcomes his fears and suspicions when placed in a home with other boys | ||
| 650 | 0 |
_aChild abuse _xJuvenile fiction |
|
| 001 | data | ||
| 999 |
_c1043 _d1043 |
||